000 00389nam a22001697a 4500
003 MPLRDC
005 20220104114538.0
008 210129b ||||| |||| 00| 0 eng d
082 _a857.63 SY
100 _a双翼
245 _a顶嘴
_c
250 _a初版
260 _a
_b上海书局有限公司
_c1972
300 _b
650 _a短篇小说--别集
942 _cBK
_o857.63 SY
999 _c8315
_d8305